1079 1256 1937 1366 1734 1449 1198 1005 1742 1795 1758 1788 1298 1560 1484 1006 1159 1814 1560 1807 1772 1547 1458 1472 1480 1383 1909 1289 1447 1167 1478 1495 1438 1733 1489 1291 1796 1230 1389 1454 1970 1106 1007 1084 1244 1386 1427 1360 1190 1863 1633 1940 1993 1682 1872 1250 1973 1719 1753 1435 1055 1720 1703 1348 1173 1573 1365 1233 1682 1739 1050 1394 1347 1003 1916 1096 1260 1454 1897 1858 1012 1875 1943 1736 1023 1177 1464 1097 1683 1910 1540 1571 1823 1764 1828 1789 1051 1218 1772 BCNSPRNW ULIB Ver.6.0+V

เปลี่ยนเป็นภาษาไทย

Change to English
 แสดงรายละเอียดบรรณานุกรม
  กลับหน้าหลัก

Brief Record : Get Marc (ISO 2709) : E-mail record : QR code < ปิดหน้าต่าง
LEADER : 00000nam 2200000uu 4500
001    13399113905
003     ULIB
008    120112s2545||||th 000 0 tha d
020    9749240502
090    ^aนว^bย232 2545
100 0  ^aยาขอบ
240 10 ^a[สามก๊ก]
245 10 ^aจูล่ง :^bสุภาพบุรุษจากเสียงสาน /^cยาขอบ
250    ^aพิมพ์ครั้งที่ 16
260    ^aกรุงเทพฯ :^bดอกหญ้า,^c2545
300    ^a160 หน้า :^bภาพประกอบ ;^c19 ซม.
440  0 ^aสามก๊กฉบับวณิพก
440  0 ^aชุดโครงการอนุรักษ์วรรณกรรมเก่าและหายาก ;^vอันดับที่ 29
650  4 ^aพงศาวดารจีน
650  4 ^aวรรณกรรมกับประวัติศาสตร์^zจีน
650  4 ^aวรรณกรรมจีน
650  4 ^aสามก๊ก^xตัวละครและลักษณะนิสัย
653    ^aจูล่ง
653    ^aOpen Your Eyes Project
945    ^p95^l0^i15401
995    ^aกัณชพร
999 ^a ใช้งานได้ทุกระบบ
รายการนี้ยังไม่มีแท็ก
คุณยังไม่ได้ล็อกอิน คุณสามารถมีกิจกรรมร่วมกับเว็บไซต์ได้ แต่ต้องล็อกอินก่อน ::
  ล็อกอิน

รายการสื่อสารสนเทศ

ลำดับที่ ประเภท เลขเรียก/บาร์โค้ด สถานที่ สถานะ
1. วิทยาศาสตร์การแพทย์ และสุขภาพ
วิทยาศาสตร์การแพทย์ และสุขภาพ
นว ย232 2545  
  Barcode: 15401
ห้องสมุดวิทยาเขตสวรรค์ประชารักษ์
►นวนิยาย
บนชั้น
  ขอยืม

รายการใกล้เคียง
    ผู้แต่ง [ยาขอบ]

    หัวเรื่อง [พงศาวดารจีน]
    หัวเรื่อง [วรรณกรรมจีน]

BibComment


ยังไม่เคยถูกคอมเมนท์

คอมเมนท์ทรัพยากรรายการนี้
  คอมเมนท์: จูล่ง สุภาพบุรุ..


 Copyright 2026. Bcnsprnw @Library